000 00822nam a2200253Ia 4500
003 OSt
005 20220927103126.0
006 a|||||r|||| 00| 0
007 ta
008 220926b |||||||| |||| 00| 0 eng d
024 _a44901
037 _cReference Collections
040 _aRTL
_cRTL
_beng
041 _2eng
_aeng
082 _a"X;271.1(X).N7, L0/UN"
110 _a"United Nations, Economic and Social Affairs (Deptt. of ---)"
245 0 _aNatural resources of developing countries
_b Investigation
260 _aNew
_bYork U N USA
_c1970
300 _a"ix, 174p"
_ccm.
650 _aNatural Resources Economics
_9353165
700 _a"United Nations, Economic and Social Affairs (Deptt. of ---)"
942 _h"X;271.1(X).N7, L0/UN"
_cCC
999 _c680605
_d680605